| 000 | 00589nam a2200193 a 4500 | ||
|---|---|---|---|
| 001 | 000043728 | ||
| 005 | 20201002044934.0 | ||
| 008 | 140407s2008 dr a r 000 0 spa d | ||
| 040 |
_aDO-SdBNP _bspa _cBNPHU |
||
| 082 |
_axxxx _bA561p, 2008 |
||
| 100 | 1 |
_aAndrés, Mateo _d1921- _965507 |
|
| 245 | 1 | 0 |
_aPuedo ser otro ... y feliz / _cMateo Andrés ; prólogo Fco. José Arnaiz. |
| 250 | _a18a ed. | ||
| 260 |
_aSanto Domingo : _bEdiciones MSC, _c2008. |
||
| 300 |
_a176 p. : _bil. ; _c22 cm. |
||
| 490 | 1 |
_aLuz _v1 |
|
| 700 | 1 | 2 |
_aArnaiz, Fco. José _epról. _946314 |
| 830 | 0 |
_aLuz ; _n1 _965508 |
|
| 999 |
_c43217 _d43217 |
||